World exploration and production map /

Saved in:
நூற்பட்டியல் விவரங்கள்
குழும எழுத்தாளர்கள்: Petroleum Economist Ltd., World Petroleum Congress, Petróleo Brasileiro, S.A., Petroleum Economist Cartographic (Firm)
மற்ற எழுத்தாளர்கள்: Fuller, K., Bush, P.
வடிவம்: வரைபடம்
மொழி:English
வெளியீடப்பட்டது: London : Petroleum Economist Ltd., 2005.
பதிப்பு:1st ed.
பகுதிகள்:
குறியீடுகள்: குறிச்சொல் இணை
குறியீடுகள் இல்லை, இந்த குறிச்சொல்லை முதலில் பதிவு செய்யுங்கள்!
LEADER 01723cem a2200433Ma 4500
001 010643244-3
005 20070820200146.0
008 051216s2005 enkbc a 0 eng d
020 |a 186186230X 
020 |a 9781861862303 
034 0 |a a 
035 0 |a ocm62755248 
040 |a ZCU  |c ZCU  |d HLS 
052 |a 3201 
090 |a G3201.H8 2005  |b .P51 
110 2 |a Petroleum Economist Ltd. 
245 1 0 |a World exploration and production map /  |c produced by the Petroleum Economist Ltd., London, in association with PETROBRAS ; designed by K. Fuller and P. Bush. 
246 1 |i Panel title:  |a World exploration & production map 
250 |a 1st ed. 
255 |a Scale not given. 
260 |a London :  |b Petroleum Economist Ltd.,  |c 2005. 
300 |a 1 map :  |b col. ;  |c 122 x 86 cm., folded to 30 x 22 cm. 
500 |a "Petroleum Economist Cartographic". 
500 |a "Published August 2005". 
500 |a Relief shown by gradient tints and shading. 
500 |a Insets: Offshore Brazil (Campos Basin) -- Gulf of Mexico -- Offshore Angola -- Offshore Australia (Carnarvon Basin) -- Offshore Indonesia (East Kalimantan). 
500 |a Includes data on deep water fields, water depth analysis, development type analysis and production delays. 
650 0 |a Gas fields  |v Maps. 
650 0 |a Oil fields  |v Maps. 
650 0 |a Petroleum in submerged lands  |v Maps. 
650 0 |a Natural gas in submerged lands  |v Maps. 
650 0 |a World maps. 
711 2 |a World Petroleum Congress  |n (18th :  |d 2005 ; :  |c Johannesburg, South Africa) 
700 1 |a Fuller, K. 
700 1 |a Bush, P. 
710 2 |a Petróleo Brasileiro, S.A. 
710 2 |a Petroleum Economist Cartographic (Firm) 
988 |a 20070722 
906 |0 OCLC